LEADER 01488nam0 22003491i 450 001 UON00482826 005 20231205105255.959 010 $a978-88-420-9718-1 100 $a20171121d2012 |0itac50 ba 101 $aita 102 $aIT 105 $a|||| 1|||| 200 1 $aTeatro della conoscenza$fLuca Ronconi, Gianfranco Capitta 210 $aRoma$aBari$cG. Laterza & Figli$d2012 215 $aVIII, 127 p.$d18 cm. 316 $aDono dott.ssa Cristiana Capocotta$5IT-UONSI Teat792 ARON 410 1$1001UON00066658$12001 $aSaggi Tascabili Laterza$v361 410 1$1001UON00482829$12001 $aˆI ‰Libri del Festival della Mente$1210 $aRoma$aBari$cG. Laterza & Figli 606 $aREGIA TEATRALE$3UONC084281$2FI 606 $aRONCONI LUCA$xInterviste$3UONC085166$2FI 620 $aIT$dRoma$3UONL000004 620 $aIT$dBari$3UONL000072 676 $a792.0233092$cTeatro. Regia. Persone associate al soggetto$v21 700 1$aRONCONI$bLuca$3UONV096342$0174851 701 1$aCAPITTA$bGianfranco$3UONV213460$0554886 712 $aLaterza & Figli$3UONV276725$4650 801 $aIT$bSOL$c20240220$gRICA 899 $aSIBA - SISTEMA BIBLIOTECARIO DI ATENEO$2UONSI 912 $aUON00482826 950 $aSIBA - SISTEMA BIBLIOTECARIO DI ATENEO$dSI Teat 792 A RON $eSI 24217 7 Dono dott.ssa Cristiana Capocotta$sSottolineato 996 $aTeatro della conoscenza$91141491 997 $aUNIOR